| 000 | 00448nam a2200181Ia 4500 | ||
|---|---|---|---|
| 001 | 16093 | ||
| 005 | 20260306170244.0 | ||
| 008 | 260306t2024||||xx |||||||||||||| ||und|| | ||
| 041 | _aESP | ||
| 082 |
_a346.6 _bP19R |
||
| 100 |
_aPalacios Martínez, Eric, _eAUT |
||
| 245 | 0 | _aReceso, resolución e ineficacia contractual | |
| 260 | _c2024 | ||
| 300 |
_a383 páginas : _c25 cm. |
||
| 650 | _aGEN | ||
| 654 | _aCDE | ||
| 942 |
_cLIB _dJUS _fJUS _2ddc _n |
||
| 999 |
_c16093 _d16093 |
||